| 000 | 00542nam a2200181Ia 4500 | ||
|---|---|---|---|
| 003 | GCL | ||
| 005 | 20240530104232.0 | ||
| 008 | 140319s9999 xx 000 0 ara d | ||
| 040 |
_aGCL / _cGCL |
||
| 082 | 0 | 4 |
_a419 _bع ع |
| 100 | 1 | _aعمر فروخ | |
| 245 | 1 | 0 |
_aعبقرية اللغة العربية / _cعمر فروخ |
| 260 |
_aبيروت : _bدار الكتاب العربى ، _c1981 |
||
| 300 |
_a314 ص؛ _b24 سم |
||
| 650 | 0 | 4 | _aاللغة العربية |
| 650 | 0 | 4 | _aاللغة العربية - تاريخ |
| 942 |
_2ddc _cBK |
||
| 999 |
_c45719 _d45719 |
||